Nové cesty k postihnutým ľuďom Rozvoj systému, poradenstva a integrácie

Saved in:
Bibliographic Details
Other Authors: LECHTA, V. (Compiler), MATUŠKA, O. (Compiler), ZÁSZKALICZKY, P. (Compiler)
Format: Book
Language:Slovak
Published: Bratislava : Liečreh GÚTH, 1997
Edition:1. vyd.
Subjects:
ISBN:8096738372
Online Access: Get full text
Tags: Add Tag
No Tags, Be the first to tag this record!

MARC

LEADER 00000nam a2200000 4500
003 SK-BrCVT
005 20230525120628.0
008 221214c1997 xo slo
020 |c 300.00 Sk 
020 |a 8096738372 
035 |a CVTIDW0014416 
040 |a CVTISR  |c CVTISR  |e AACR2 
041 |a slo 
044 |a xo  |c SK 
245 0 |a Nové cesty k postihnutým ľuďom  |b Rozvoj systému, poradenstva a integrácie  |c Zost.: V. LECHTA, O. MATUŠKA, P. ZÁSZKALICZKY 
250 |a 1. vyd. 
260 1 |a Bratislava :  |b Liečreh GÚTH,  |c 1997 
300 |a 341 s. 
655 4 |a odborné publikácie  |9 34859 
700 1 |a LECHTA, V.  |4 com 
700 1 |a MATUŠKA, O.  |4 com 
700 1 |a ZÁSZKALICZKY, P.  |4 com 
910 |a 537  |b P980037 
919 |a 80-967383-7-2 
974 |a cvti cvti  |f Knihy neprofilové  |b cvti cvti 
992 |a AMG 
997 |h WINISIS 
999 |c 278898  |d 278898